000 00945cam a22003011 4500
001 9238
003 FISKH
005 20251204105110.0
008 750418s1963 xx 000 0 eng
010 _a 63001130
040 _aDLC
_cFO
_dDLC
_beng
050 _aPZ7.D644
082 _a 813.54
100 1 _aDixon, Franklin W.
245 1 4 _aThe Viking symbol mystery.
260 _aNew York,
_bGrosset & Dunlap
_c1963
300 _a175 pages :
_billustrator ;
_c20 cm
490 1 _aHis Hardy Boys mystery stories,
_v42
505 _aR
520 _aIn the Northwest Territories of Canada, the Hardy brothers and Chet Morton help to recover a stolen Viking relic.
521 8 _a730
_bLexile
521 8 _aR
_bRaz-Plus
650 0 _aHardy Boys (Fictitious characters)
_xFiction.
650 0 _aArchaeological thefts
_xFiction.
906 _a7
_bcbc
_coclcrpl
_du
_encip
_f19
_gy-gencatlg
942 _2ddc
_cBK
_n0
999 _c9238
_d9238